[Event "TUR Cup"]
[Site "Denizli"]
[Date "2023.07.18"]
[Round "4"]
[White "Bahar, Mevlut"]
[Black "Tuna, Kaan Arda"]
[Result "0-1"]
[WhiteElo "1313"]
[BlackElo "1325"]
[PlyCount "116"]
[EventDate "2023.07.16"]
[EventType "team-tourn"]
[EventRounds "9"]
[EventCountry "TUR"]
[SourceTitle "CBM 215 Extra"]
[Source "ChessBase"]
[SourceDate "2023.09.30"]
[SourceVersion "1"]
[SourceVersionDate "2023.09.30"]
[SourceQuality "1"]

1. e4 c5 2. Nf3 d6 3. d4 cxd4 4. Nxd4 Nf6 5. Nc3 g6 6. Be3 Bg7 7. f3 0-0 8. Bc4 Bd7 9. Qd2 Nc6 10. 0-0-0 Rc8 11. Nxc6 Bxc6 12. Bb3 b5 13. Bh6 b4 14. Nd5 Bxd5 15. exd5 a5 16. Bxg7 Kxg7 17. Rhe1 Qd7 18. Qe2 Rc7 19. Bc4 Rfc8 20. b3 a4 21. Rd4 axb3 22. Bxb3 Rb7 23. g4 Qc7 24. Kb1 Qb6 25. Qd2 Rc3 26. g5 Nh5 27. Ree4 Qc5 28. Kb2 Kf8 29. Rc4 Rxc4 30. Rxc4 Qa5 31. Qd4 f6 32. Rc8+ Kg7 33. Qe3 Qa3+ 34. Kb1 fxg5 35. Qxg5 Nf6 36. f4 Qa7 37. f5 Qf2 38. fxg6 hxg6 39. Bc4 Qe1+ 40. Kb2 Qc3+ 41. Kb1 b3 42. cxb3 Ne4 43. Rg8+ Kxg8 44. Qxg6+ Qg7 45. Qxe4 Qg1+ 46. Kb2 Qxh2+ 47. Ka1 Qg1+ 48. Kb2 Qf2+ 49. Qc2 Qd4+ 50. Kc1 Qa1+ 51. Kd2 Qd4+ 52. Ke2 Qg4+ 53. Kf1 Qf3+ 54. Qf2 Qd1+ 55. Kg2 e5 56. dxe6 Rg7+ 57. Kh3 Qh5+ 58. Qh4 Qf3+ 0-1

[Event "TUR Cup"]
[Site "Denizli"]
[Date "2023.07.17"]
[Round "2"]
[White "Bahar, Mevlut"]
[Black "Ozsoy, Alimert"]
[Result "0-1"]
[WhiteElo "1313"]
[BlackElo "2187"]
[PlyCount "78"]
[EventDate "2023.07.16"]
[EventType "team-tourn"]
[EventRounds "9"]
[EventCountry "TUR"]
[SourceTitle "CBM 215 Extra"]
[Source "ChessBase"]
[SourceDate "2023.09.30"]
[SourceVersion "1"]
[SourceVersionDate "2023.09.30"]
[SourceQuality "1"]

1. e4 c6 2. d4 d5 3. exd5 cxd5 4. Bd3 Nf6 5. Nf3 Nc6 6. c3 Bg4 7. h3 Bh5 8. Bf4 e6 9. Nbd2 Bd6 10. Bxd6 Qxd6 11. 0-0 0-0 12. Re1 Rfe8 13. g4 Bg6 14. Bxg6 hxg6 15. Ne5 g5 16. h4 Nh7 17. hxg5 Nxg5 18. Kg2 f6 19. Ng6 e5 20. Nf3 e4 21. Nfh4 Kf7 22. Nf5 Qc7 23. Ngh4 Rh8 24. Qb3 Rad8 25. Rh1 Ne6 26. Ne3 Nf4+ 27. Kg1 g6 28. Kf1 g5 29. Neg2 Nxg2 30. Kxg2 gxh4 31. Rae1 Qf4 32. Qxb7+ Ne7 33. Re3 Rb8 34. Qxa7 Qxg4+ 35. Kf1 Qd1+ 36. Re1 Qd3+ 37. Kg1 Rhg8+ 38. Kh2 Rxb2 39. Rhf1 Qg3+ 0-1